1975 1117 1772 1765 1343 1168 1503 1467 1136 1671 1522 1515 1615 1974 1309 1829 1551 1410 1890 1875 1814 1370 1979 1149 1357 1976 1977 1663 1379 1641 1550 1973 1416 1423 1557 1538 1340 1687 1746 1434 1657 1984 1900 1225 1283 1968 1336 1934 1322 1057 1654 1250 1504 1312 1774 1353 1155 1064 1984 1334 1156 1099 1241 1244 1389 1443 1898 1036 1630 1652 1095 1835 1342 1306 1189 1591 1943 1837 1723 1748 1383 1154 1884 1682 1540 1918 1338 1887 1651 1005 1835 1185 1286 1961 1103 1120 1900 1767 1466 BCNSPRNW ULIB Ver.6.0+V

เปลี่ยนเป็นภาษาไทย

Change to English
 แสดงรายละเอียดบรรณานุกรม
  กลับหน้าหลัก

Brief Record : Get Marc (ISO 2709) : E-mail record : QR code < ปิดหน้าต่าง
LEADER : 00000nam 2200000uu 4500
001    13399127980
003     ULIB
008    211124s2563||||th 000 0 tha d
020 ^- ^a9786165726269
060 ^- ^aWA540.JT3^bบ65ท
100 0^ aบัววรุณ ศรีชัยกุล.
245 10 ^aทฤษฎีการบริหารงานทางสาธารณสุขศาสตร์ =Theory of public health management /^cบัววรุณ ศรีชัยกุล.
246 11 ^aTheory of public health management
250 ^- ^aพิมพ์ครั้งที่ 1.
260 ^- ^aมหาสารคาม :^bโรงพิมพ์มหาวิทยาลัยราชภัฏมหาสารคาม,^c2563
300 ^- ^aก-ฎ, 357 หน้า :^bภาพสีประกอบ.
650 ^4 ^aการบริหารสาธารณสุข^xไทย.
945    ^p650^l0^i29149
999    ^aกัณชพร จุลอักษร
รายการนี้ยังไม่มีแท็ก
คุณยังไม่ได้ล็อกอิน คุณสามารถมีกิจกรรมร่วมกับเว็บไซต์ได้ แต่ต้องล็อกอินก่อน ::
  ล็อกอิน

รายการสื่อสารสนเทศ

ลำดับที่ ประเภท เลขเรียก/บาร์โค้ด สถานที่ สถานะ
1. วิทยาศาสตร์การแพทย์ และสุขภาพ
วิทยาศาสตร์การแพทย์ และสุขภาพ
WA540.JT3 บ65ท ฉ.1 
  Barcode: 29149
ห้องสมุดวิทยาเขตนครสวรรค์
►หนังสือทั่วไป:l:General Books
บนชั้น

BibComment


ยังไม่เคยถูกคอมเมนท์

คอมเมนท์ทรัพยากรรายการนี้
  คอมเมนท์: ทฤษฎีการบริหารงา..


 Copyright 2026. Bcnsprnw @Library